| 000 | 00401nam a22001577a 4500 | ||
|---|---|---|---|
| 003 | macl | ||
| 005 | 20150628170452.0 | ||
| 008 | 150628b xxu||||| |||| 00| 0 eng d | ||
| 040 | _cmacl | ||
| 082 | _a111.83 | ||
| 100 |
_aR.B.Lal _9340 |
||
| 245 | _aThe Spirit of Science in Quest of Truth | ||
| 260 |
_aNew Delhi _bNational Book Trust _c1997 |
||
| 650 |
_aPhilosophy ontology _9341 |
||
| 942 |
_2ddc _cBK |
||
| 999 |
_c49933 _d49933 |
||